Los Diez Mandamientos - ¡Muerte Súbita! - Estadísticas

Estadísticas generales
  • Esta prueba ha sido intentada 107 veces
    96 desde el último reinicio
  • La puntuación promedio es 8 de 10
Answers on the Grid
Answers color-coded by a green-red scale on the quiz's grid according to % correct below.
Amarás a Dios sobre todas las cosas
No tomarás el nombre de Dios en vano
Santificarás las fiestas
Honrarás a tu padre y a tu madre
No matarás
No cometerás actos impuros
No robarás
No darás falso testimonio ni mentirás
No consentirás pensamientos ni deseos impuros
No codiciarás los bienes ajenos
Cuidarás de los pobres antes que de ti mismo
Serás humilde en palabra y en obra
Respetarás a todos los reyes, pues son elegidos por Dios
Obedecerás siempre a los que gobiernan sobre ti
Guardarás pureza en tu mesa y en tu cama
No olvidarás los días de ayuno y penitencia
Honrarás la creación y todo lo que en ella habita
No ensuciarás tus labios con palabras vanas
Serás ejemplo de pureza entre los tuyos
Honrarás la luz del día y la paz de la noche
 
Estadísticas de respuestas
Respuesta % Correcto
No matarás
96%
No tomarás el nombre de Dios en vano
96%
Amarás a Dios sobre todas las cosas
94%
No robarás
94%
Honrarás a tu padre y a tu madre
88%
No codiciarás los bienes ajenos
79%
No cometerás actos impuros
78%
No darás falso testimonio ni mentirás
76%
No consentirás pensamientos ni deseos impuros
65%
Santificarás las fiestas
58%
No se encontraron pruebas coincidentes
Distribución de puntuación
Porcentaje de gente con cada puntuación
Porcentaje por número respondido
Historial de tus puntuaciones
No has intentado esta prueba desde el último reinicio